000 01470nam0a2200325 4500
001 RU\NLR\BIBL_A\022437795
005 20250317173404.0
010 _a978-5-6052262-9-1
_95000
021 _aRU
_bКН-П-24-076481
_9КН-П-24-7635
035 _a(NLR Aleph) 022437795
090 _a13349757
_c13349757
100 _a20250129d2024 u y0rusy50 ca
101 0 _arus
102 _aRU
105 _ay|||z|||000gy
181 0 _ai
_bxxxe
182 0 _an
200 1 _aТвори добро
_eстихотворения
_fВячеслав Кашин
203 _aТекст
_bвизуальный
_cнепосредственный
210 _aМосква
_cИнтернациональный Союз писателей
_d2024
215 _a114, [5] с.
_d21
300 _aНа 115-й с. авт.: В. И. Кашин, канд. мед. наук, доц., акад. Рос. акад. медико-технических наук, заслуж. работник здравоохранения Республики Карелия
327 1 _aСодерж. циклы: Под покровительством любви ; Предназначение ; Искры милосердия ; Движение к победе
686 2 _aШ6(2=Р)8-5
700 1 _aКашин
_bВ. И.
_f1939-
_gВячеслав Иванович
942 _cBOOK
980 _aNB